Kombinácie podnikov zlúčenie, splynutie, rozdelenie, kúpa a vklad podniku alebo jeho časti, konsolidovaná účtovná závierka

Vymedzenie základných pojmov-zlúčenie, splynutie a rozdelenie. Kúpa podniku alebo jeho časti. Vklad podniku alebo jeho časti. Konsolidovaná účtovná závierka. Moment zaúčtovania, zlúčenia, splynutia, rozdelenia. Právne účinky zlúčenia, splynutia, rozdelenia. Deň zlúčenia, splynutia, rodelenia. Deň...

Ausführliche Beschreibung

Gespeichert in:
Bibliographische Detailangaben
1. Verfasser: Farkaš, Richard
Format: Buchkapitel
Sprache:Slowakisch
Schlagworte:
Tags: Tag hinzufügen
Keine Tags, Fügen Sie das erste Tag hinzu!

MARC

LEADER 00000naa$a2200000$$$4500
001 0001952
005 20231002123851.8
041 0 |a slo 
044 |a SK 
245 1 0 |a Kombinácie podnikov  |b zlúčenie, splynutie, rozdelenie, kúpa a vklad podniku alebo jeho časti, konsolidovaná účtovná závierka  |c aut. Richard Farkaš 
520 |a Vymedzenie základných pojmov-zlúčenie, splynutie a rozdelenie. Kúpa podniku alebo jeho časti. Vklad podniku alebo jeho časti. Konsolidovaná účtovná závierka. Moment zaúčtovania, zlúčenia, splynutia, rozdelenia. Právne účinky zlúčenia, splynutia, rozdelenia. Deň zlúčenia, splynutia, rodelenia. Deň zrušenia bez likvidácie. Deň zániku. Moment zaúčtovania kúpy a vkladu podniku alebo jeho časti. Princípy ocenenia majetku a záväzkov - precenenie na reálnu hodnotu. Goodwill a badwill. Praktické príklady. 
610 2 0 |a účtovníctvo podvojné 
610 2 0 |a podnik 
610 2 0 |a závierka účtovná konsolidovaná 
610 2 0 |a goodwill 
610 2 0 |a badwill 
610 2 0 |a zlučovanie podnikov 
610 2 0 |a kombinácie podnikové 
610 2 0 |a kúpa 
610 2 0 |a vklady 
610 2 0 |a pojmy 
100 1 |a Farkaš, Richard